Statistics for Foods in a Full English Breakfast

Click here to take the quiz!

General Stats

  • This quiz has been taken 35,927 times
    (35,684 since last reset)
  • The average score is 6 of 8

Answer Stats

Food% Correct
Eggs
96%
Fried bread / Toasted bread
90%
Back bacon
89%
Sausages
86%
Baked beans
78%
Fried tomato
70%
Black pudding
56%
Fried mushrooms
53%

Score Distribution

Percentile by Number Answered

Percent of People with Each Score

Your Score History

You have not taken this quiz since the last reset